Gascogne romane /

Bibliographic Details
Main Author: Cabanot, Jean
Format: Book
Language:French
Published: La Pierre-qui-Vire : Zodiaque, 1978.
Series:Nuit des temps ; 50.
Subjects:

MARC

Tag First Indicator Second Indicator Subfields
LEADER 00000cam a2200000 i 4500
001 in00000058008
005 20151008050952.0
008 790817s1978 fr a b 00110 fre
010 |a  79369138  
015 |a F*** 
020 |c 90.00F 
035 |a (OCoLC)04870081 
035 |9 AAG4669AM 
040 |a DLC  |c DLC  |d TXA  |d UtOrBLW 
041 1 |a fre  |b eng  |b ger 
043 |a e-fr--- 
049 |a TXAM  |c [1497297] 
050 0 0 |a N6849.G32  |b C3 
082 0 |a 914.4/77/0483 
100 1 |a Cabanot, Jean. 
245 1 0 |a Gascogne romane /  |c Jean Cabanot ; photos, inedites de Zodiaque ; traduction anglaise de Paul Veyriras ; traduction allemande de G. Schecher. 
264 1 |a La Pierre-qui-Vire :  |b Zodiaque,  |c 1978. 
300 |a 336 pages :  |b illustrations (some color) ;  |c 23 cm. 
336 |a text  |b txt  |2 rdacontent 
337 |a unmediated  |b n  |2 rdamedia 
338 |a volume  |b nc  |2 rdacarrier 
490 1 |a La Nuit des temps ;  |v 50 
500 |a Summaries in English and German. 
504 |a Includes bibliographical references and index. 
650 0 |a Art, Romanesque  |z France  |z Gascony. 
650 0 |a Art, French  |z France  |z Gascony. 
650 0 |a Architecture, Romanesque  |z France  |z Gascony. 
650 0 |a Architecture  |z France  |z Gascony. 
830 0 |a Nuit des temps ;  |v 50. 
999 |a MARS 
999 f f |s 37c84c35-71e6-33a0-8992-af7006a00bd9  |i 3e4e217c-64a1-3585-b824-3ccd4877d4fe  |t 0 
952 f f |p ric  |a Texas A&M University  |b Rellis Campus  |c Joint Library Facility  |d Remote Storage  |t 0  |e N6849.G32 C3  |h Library of Congress classification  |i unmediated -- volume  |m A14803394366 
998 f f |a N6849.G32 C3  |t 0  |l Remote Storage